000
00491nam a22001457a 4500
005
20120501115720.0
020
_a
923101983X
_c
00.00
035
_a
A-160040
037
_a
DPL
_b
ENG
245
_a
Human rights in urban areas /
260
_b
UNESCO
_c
1983
300
_a
169p.
_c
20 cms.
942
_2
ddc
_c
EN
_h
323.4
_m
HUM
999
_c
65867
_d
65867